Loading...
| Current Events | 3 | 13.33 | 100% | 33% | 0% |
| Fine Arts - Auditory Fine Arts | 5 | 24.00 | 100% | 100% | 40% |
| Fine Arts - Visual Fine Arts | 9 | 18.89 | 89% | 56% | 44% |
| Geography | 8 | 11.25 | 88% | 25% | 0% |
| History - American History | 3 | 20.00 | 100% | 100% | 0% |
| History - Ancient History | 7 | 15.71 | 100% | 57% | 0% |
| History - European History | 3 | 13.33 | 100% | 33% | 0% |
| History - World History | 4 | 15.00 | 100% | 50% | 0% |
| Literature - American Literature | 5 | 20.00 | 100% | 80% | 20% |
| Literature - British Literature | 6 | 21.67 | 100% | 100% | 17% |
| Literature - European Literature | 3 | 10.00 | 100% | 0% | 0% |
| Literature - World Literature | 4 | 12.50 | 50% | 75% | 0% |
| Mythology | 3 | 6.67 | 33% | 33% | 0% |
| Other Academic | 3 | 13.33 | 100% | 33% | 0% |
| Philosophy | 4 | 17.50 | 100% | 75% | 0% |
| Religion | 3 | 13.33 | 100% | 33% | 0% |
| Science - Biology | 3 | 13.33 | 100% | 33% | 0% |
| Science - Chemistry | 4 | 12.50 | 100% | 25% | 0% |
| Science - Other Science | 6 | 15.00 | 100% | 50% | 0% |
| Science - Physics | 6 | 10.00 | 83% | 17% | 0% |
| Social Science | 5 | 16.00 | 100% | 60% | 0% |